"Nem szégyellem, Erdélyben a könnyeimmel küszködtem" Királyhelmecen lépett fel az Omega együttes...

Bibliographic Details
Main Authors: Zsebik, Ildikó (Author, Interviewer), Benkő, László, 1943-2020 (Author)
Format: Article
Language:Hungarian
Subjects:

MARC

LEADER 00000nab a2200000 ar4500
001 vtls008851374
003 SK-MaSNL
005 20260319071127.0
008 060911c2006 xo |||||||| 000 b|hun
015 |a SNBRB2006/09  |2 snkbucl 
038 |a SNKBUCL 
040 |a DSZK  |b slo  |c DSZK  |e AACR2 
041 0 |a hun 
044 |a xo  |c SK 
080 |a 78.071.2:784.66  |2 1997 
080 |a 784.66  |2 1997 
100 1 |a Zsebik, Ildikó  |4 ivr  |4 aut  |9 840447 
245 1 0 |a "Nem szégyellem, Erdélyben a könnyeimmel küszködtem"  |b Királyhelmecen lépett fel az Omega együttes...  |c Zsebik Ildikó, Benkő László 
300 |b Fotogr. 
610 2 7 |a Omega (hudobná skupina)  |2 snkbucl  |9 86119 
700 1 |a Benkő, László,  |d 1943-2020  |4 ive  |4 aut  |9 211408 
773 0 |t Szabad újság  |g Évf. XIV, sz. 36 (2006), o. 12  |x 1335-6631 
852 |a SNK  |b KIS3GCP 
852 |a DSZK  |b KIS3GCP 
958 |a HU 
999 |c 1740310  |d 1742240